| 000 | 00527nam a22001817a 4500 | ||
|---|---|---|---|
| 003 | CEME | ||
| 005 | 20210628205427.0 | ||
| 008 | 210127b xxu||||| |||| 00| 0 eng d | ||
| 020 | _a0-471-24133-4 | ||
| 040 | _c. | ||
| 082 | _a006.74 APL | ||
| 100 |
_aAplevich, J.Dwight _975504 |
||
| 245 | _aThe essentials of linear stat space systems | ||
| 260 |
_aNEW YORK _bJOHN WILEY _c2003 |
||
| 300 | _aIX,299P | ||
| 650 |
_aLINEAR SYSTEMS, STATE SPACE METHODS.THE ESSENTIALS OF LINEAR STAT SPACE SYSTEMS _975505 |
||
| 942 |
_cBK _2ddc |
||
| 999 |
_c580906 _d580906 |
||